000 00443nam a2200145Ia 4500
008 100204s9999 xx 000 0 und d
082 _b4506
100 _aमेहता शशिकला
245 _aसांगू कुणा
260 _b"उत्कर्ष प्रकाशन, पुणे"
_c1979
300 _a184
630 _aसांगू कुणा
730 _aसांगू कुणा
942 _cBOOK
999 _c449246
_d449243